133 bài toán quang hình luyện thi Đại học
Guardat en:
| Autor principal: | |
|---|---|
| Format: | Llibre |
| Idioma: | Undetermined |
| Publicat: |
Tp. HCM
Tp. HCM
2000
|
| Matèries: | |
| Etiquetes: |
Afegir etiqueta
Sense etiquetes, Sigues el primer a etiquetar aquest registre!
|
| Thư viện lưu trữ: | Trung tâm Học liệu Trường Đại học Cần Thơ |
|---|
| LEADER | 00547nam a2200193Ia 4500 | ||
|---|---|---|---|
| 001 | CTU_36964 | ||
| 008 | 210402s9999 xx 000 0 und d | ||
| 020 | |b 18.000đ | ||
| 082 | |a 530.15 | ||
| 082 | |b B312 | ||
| 100 | |a Nguyễn Tiến Bình | ||
| 245 | 0 | |a 133 bài toán quang hình luyện thi Đại học | |
| 245 | 0 | |c Nguyễn Tiến Bình | |
| 260 | |a Tp. HCM | ||
| 260 | |b Tp. HCM | ||
| 260 | |c 2000 | ||
| 650 | |a mathematical physics | ||
| 904 | |i Minh, 000615 | ||
| 980 | |a Trung tâm Học liệu Trường Đại học Cần Thơ | ||